000 00423nam a2200181Ia 4500
001 3283
005 20260306144909.0
008 260306t1995||||xx |||||||||||||| ||spa||
041 _aESP
082 _a262.91
_bP11R
100 _aPablo VI
_eAUT
245 0 _aLa reconciliación dentro de la iglesia
260 _c1995
300 _a56 páginas :
_c20 cm.
650 _aGEN
654 _aCHU
942 _cLIB
_dJUS
_fJUS
_2ddc
_n
999 _c3283
_d3283